[Event "IECC O email"]
[Site "IECC email"]
[Date "1999.02.24"]
[Round "?"]
[White "Terrill, Mike"]
[Black "Martineau, Raymond"]
[Result "1-0"]
[WhiteElo "1157"]
[BlackElo "1176"]
[PlyCount "81"]
[EventDate "1999.??.??"]
[EventType "tourn (corr)"]
[EventRounds "6"]
[SourceTitle "Corr 2008"]
[Source "ChessBase"]
[SourceDate "2008.06.24"]
[SourceVersion "1"]
[SourceVersionDate "2008.06.24"]
[SourceQuality "1"]

1. e4 e5 2. Nf3 Nc6 3. Nc3 Nf6 4. d4 Bb4 5. Bd2 d6 6. Bb5 0-0 7. Bxc6 Bxc3 8. Bxc3 bxc6 9. dxe5 Nxe4 10. Bd4 c5 11. Be3 h6 12. Qd5 Bf5 13. exd6 Re8 14. Qxf5 cxd6 15. 0-0 Qa5 16. a3 Qb5 17. b4 g6 18. Qd5 Qe2 19. Bxh6 Nc3 20. Qxd6 Re6 21. Qxc5 Ne4 22. Qd4 Nf6 23. Rfe1 Qa6 24. Rxe6 Qxe6 25. Re1 Qb6 26. h3 Rd8 27. Qxb6 axb6 28. Bg5 Kg7 29. Bxf6+ Kxf6 30. c4 Kg7 31. g4 Rd3 32. Kg2 Rxa3 33. c5 bxc5 34. bxc5 Rc3 35. Re5 f6 36. Rd5 g5 37. Nxg5 fxg5 38. Rxg5+ Kh6 39. h4 Rc4 40. Kg3 Rd4 41. Re5 1-0